Novelas escogidas
Saved in:
| Hovedforfatter: | |
|---|---|
| Format: | Bog |
| Sprog: | spansk |
| Udgivet: |
Madrid
Aguilar
1958
|
| Serier: | El Lince Astuto
|
| Fag: | |
| Tags: |
Tilføj Tag
Ingen Tags, Vær først til at tagge denne postø!
|
MARC
| LEADER | 00000nam a2200000 a 4500 | ||
|---|---|---|---|
| 001 | UCX6196 | ||
| 003 | CL-VaPUC | ||
| 008 | 930429e19580000SP |||||||||||||||||spa|d | ||
| 082 | 0 | 4 | |a 823 |b OPP |2 21 |
| 100 | |a Oppenheim, Edward P. |e autor |9 322614 | ||
| 245 | 1 | 0 | |a Novelas escogidas |
| 300 | |a v | ||
| 942 | |c BK | ||
| 945 | |d 19930429 00:00:00 | ||
| 260 | |a Madrid |b Aguilar |c 1958 | ||
| 500 | |a v.2: El tesoro de Martin Hews, Idolos robados,Nick en Nueva York, La sonrisa de Moran, El hombre sin nervios | ||
| 650 | 0 | |a Novelas inglesas |9 265220 | |
| 583 | |a last modification |c 19930429 00:00:00 |k Rodrigo Vera | ||
| 490 | 0 | |a El Lince Astuto | |
| 999 | |c 226265 |d 226263 | ||
| 952 | |0 0 |1 0 |4 0 |6 823_000000000000000_OPP_1958 |7 0 |8 A |9 224502 |a BIBEDU |b BIBEDU |d 2019-11-15 |h v.2 |i 2932520 |o 823 OPP 1958 |p 2932520 |r 2019-11-15 |w 2019-11-15 |y BK |k LIT | ||